000 00527nam a22001697a 4500
003 AUA.1
005 20251118170105.0
008 250630b |||||||| |||| 00| 0 eng d
040 _cJTL
100 _aMpofu, Nduna
245 _aA narrative of Mathew 15:21-28 missional implications for contemporary Christian ministry /
_cNduna Mpofu
260 _cc2024
300 _aviii, 84 leaves :
_bIllustrations :
_c30cm.
650 _aMissions
690 _aMathew 15:21-28
942 _2aua
_cTHESIS
_hMABTS
_i.M66 2024
999 _c25102
_d25102